Quizzes
Events
Quiz Creation
Community
Videos
Private Events
Remove Ads
Sign In
Join for FREE
Feedback
Dark Mode
Quiz Categories
Sports
Geography
Music
Movies
Television
Just For Fun
Miscellaneous
History
Literature
Language
Science
Gaming
Entertainment
Religion
Holiday
For Kids
Quiz Lab
Recent
Popular Today
Quiz Kudos Today
Editor Picks
Curator Picks
Quizzes by...
Day
Popularity
Type
Ratings
Length
Year
Community
Subscriptions
Recent Discussions
Orange Saloon
Badges
Playlists
Quests
Create
Leaderboards
Showdown
Live 5
Trivia Bingo
Activity
Puzzle Library
Sporcle Events
Private Events
Virtual Trivia
Globe League
Become a Host
Pub Owners
SporcleCon
Opinionation
Our Games
Videos
Blog
Mobile Apps
Partnerships
Remove Ads and Go Orange
Feedback
History
US Presidents
World Leaders
Politics
Nation
Discovery
War
Decade
Year
Century
Biography
Art
History
US Presidents
World Leaders
Politics
Nation
Discovery
War
Decade
Year
Century
Biography
Art
Random Quiz
Search Sporcle
×
Quiz Lab
Quiz Lab
History
Nation
Type in answers that appear in a list
Type in answers that appear in a list
Classic
Best Score? Go Orange.
Controlled by Whom? Stats
Can you name the country that controlled the given territory in the given year?
By
Edelweiss
4m
21 Questions
519 Plays
519 Plays
519 Plays
Comments
Comments
Give Quiz Kudos
Give Quiz Kudos
-
- Ratings
hide this ad
More Info
Forced Order
Answers have to be entered in order
Answers have to be entered in order
Replay
Link that replays current quiz
Next Quiz
Link to next quiz in quiz playlist
You Got
0%
They Got
Avg Score
65%
Avg Friend Score
Upgrade to see
Score Distribution
Jump to the score distribution portion of the page
Score
0/21
Timer
04:00
0
Plays Today
Territory
Controller
% Correct
Hong Kong
Japanese Empire
88.8%
Kazakhstan
Soviet Union
88.8%
Crimea
Ukraine
85.3%
Alsace-
Lorraine
German Empire
82.3%
Iceland
Denmark
81.1%
Eritrea
Ethiopia
76.9%
Palau
United States
74.4%
Panama
Granadine Confederation
74%
Eastern Bengal
Pakistan
73.8%
Java
Netherlands
73.4%
Eastern New Guinea
Australia
70.3%
Territory
Controller
% Correct
Rwanda
Belgium
70.1%
Ionia
Kingdom of Greece
70.1%
Western Sahara
Spain
69.6%
Goa
Portugal
66.9%
Mesopotamia
Ottoman Empire
66.1%
South Tyrol
Austria-Hungary
64.2%
Heligoland
United Kingdom
46.8%
Walvis Bay
South Africa
41.2%
Bessarabia
Kingdom of Romania
39.9%
Chaco Boreal
Bolivia
28.7%
Quiz Playlist
Details
Report
Send in Message
Add To Playlist
More Info:
The year was randomly assigned.
Classic:
Type in answers that appear in a list
Forced Order:
Answers have to be entered in order
Last Updated: Feb 16, 2017
Quiz Scoreboard
CHALLENGE
Sign Up to Join the Scoreboard
Show All
Scores
Hide
Comments
May contain spoilers
Recently Published
College Basketball Coaching Resumes
by pancakes188
Sports
9m
Billboard Blitz: Fleetwood Mac
by CooCooCachoo
Music
15s
Presidents Visiting Landmarks
by Hejman
History
7m
More to Explore
Quiz From the Vault
Featured Blog Post
Where Did the Easter Bunny Come From?
hide this ad
You Might Also Like...
Tags
Nation Quiz
Administration
Colony
control
Controlled
empire
Owner
Ownership
Territory
Today's Top Quizzes in History
Browse History
hide this ad
Today's Top Quizzes in Nation
Browse Nation
Top Contributed Quizzes in History
1
Popular People in 1991
2
Popular People in 1981
3
Popular People in 1951
4
Popular People in 1941
5
Popular People in 1986
6
Popular People in 1976
7
Popular People in 1921
8
5-to-1: 20th Century Images of War
9
I Am Born On March 28th
10
Popular People in 1946
Explore More
Trending Topics
Crossword
Kpop
Harry Potter
Anime
Marvel
Disney
NBA
Soccer
Country
The Office
Puzzle
NFL
WWE
Pokémon
Song
hide this ad
More By:
Edelweiss
Quiz
Plays
Rating
Category
Featured
Created
Borders of Germany (1871-)
92,862
4.59
History
Sep 17, 2011
Evolution of Countries
80,949
4.67
History
Sep 26, 2011
Around the Coast of the World
73,163
4.69
Geography
Oct 19, 2012
Borders of Russia (1861-)
72,606
4.48
History
Oct 9, 2011
Every Olympic Bid Since 1896
55,019
4.64
History
Mar 26, 2012
Go to Creator's Profile
Score Distribution
Quiz Creator Spotlight
Edelweiss
Follow
Send a Message
Quizzes Created
-
Created Quiz Play Count
-
More By This Creator
Popular Quizzes Today
1
Find the US States - No Outlines Minefield
2
Find the Countries of Europe - No Outlines Minefield
3
The Countries of the World
4
Find the US States
5
Risky Map Clicking: Biggest States A-Z
6
US States
7
Popular People in 1961
8
Movies - When Are They Set?
More History Quizzes
► Find the US President
Quiz Lab
Trending Quizzes
Risky Map Clicking: Least Populous States A-Z
1-10 Letter G Words
1-10 Letter F Words
Risky Map Clicking: Next State Alphabetically
Adjectives in 80s TV Shows
Recently Updated
Leaping Animals
pecheneg
Reality TV Shows (A-Z)
bhenderson79
Rickey Henderson's Hall of Fame Teammates
pecheneg
Champions League XIs: Arsenal
pecheneg
Quick Pick: Celebrities in WWE's Hall of Fame
aduchscher
A-Z Keypad Blitz II
pecheneg
Multiple Oscar Actors
pecheneg
Mystery Phrase Blitz: Oscar 'Best Actors'
pecheneg
F. Scott Fitzgerald Novels
LTH
Pick 3 Villains
ddd62291
Trending Topics
Marvel
NBA
Disney
Anime
Kpop
Crossword
Harry Potter
Soccer
NFL
Pokémon
Song
Puzzle
WWE
Country
The Office
Your Account Isn't Verified!
In order to create a playlist on Sporcle, you need to verify the email address you used during registration. Go to your
Sporcle Settings
to finish the process.
Report this User
Report this user for behavior that violates our
Community Guidelines
.
Details:
Send Report
Go to the Sporcle.com Mobile Site →
Comments